| 000 | 00649cam a2200181 a 4500 | ||
|---|---|---|---|
| 020 | _a0419209700 (pbk.) | ||
| 082 | 0 | 0 |
_a620.136 _bHYD _cN-01, P-108 |
| 100 | 1 |
_aHyde, Richard, _931954 |
|
| 245 | 1 | 0 |
_aClimate responsive design : _ba study of buildings in moderate and hot humid climates / _cRichard Hyde. |
| 260 |
_aLondon ; _aNew York : _bE & FN Spon, _c2000. |
||
| 300 |
_a244 p. : _bill. ; _c25 cm. |
||
| 526 |
_a0 _b0 _c0 _d620_136000000000000_HYD |
||
| 650 | 0 | _aArchitecture and climate. | |
| 650 | 0 |
_aArchitecture _zAustralia _931956 |
|
| 650 | 0 |
_aArchitecture _zSoutheast Asia _931957 |
|
| 650 | 0 |
_aArchitecture, Tropical. _931955 |
|
| 942 |
_2ddc _cBK |
||
| 999 |
_c545194 _d545194 |
||